Departament d'Atenció a les Escoles : 1991-1993 de la redacció d'un projecte al balanç del primer any d'activitat 1991-1993 de la redacció d'un projecte al balanç del primer any d'activitat
Descripción Física:
18 p. ; 30 cm
MARC
| LEADER | 00000nam a2200000Ia 4500 | ||
|---|---|---|---|
| 001 | 15136 | ||
| 008 | 160829s1993 xx 000 0 cat d | ||
| 080 | |a FU-34-26 | ||
| 245 | |a Departament d'Atenció a les Escoles : |b 1991-1993 de la redacció d'un projecte al balanç del primer any d'activitat | ||
| 260 | |a Empúries : |b [Organisme Autònom Conjunt Monumental d'Empúries], |c 1993 | ||
| 300 | |a 18 p. ; |c 30 cm | ||
| 650 | |a Conjunt Monumental d'Empúries. Departament d'Atenció a les Escoles |x Activitats escolars Empúries (Escala : Jaciment arqueològic) |9 27463 | ||
| 710 | 2 | |a Conjunt Monumental d'Empúries |9 54669 | |
| 901 | |a Arxiu | ||
| 942 | |n 1 | ||
| 952 | |0 0 |1 0 |4 0 |6 FU3426 |7 1 |9 44398 |a Arxiu |b Arxiu |d 2016-12-01 |l 0 |o FU-34-26 |p 15136 |r 2016-12-01 00:00:00 |w 2016-12-01 |y ARXIU | ||
| 999 | |c 46979 |d 46979 | ||